Entry Toplantı Adı
001 - KONTROL NUMARASI
- Kontrol alanı: 25516
003 - KONTROL NUMARASI KİMLİĞİ
- Kontrol alanı: TR-BiSEU
005 - SON İŞLEM TARİHİ VE ZAMANI
- Kontrol alanı: 20260207001743.0
008 - SABİT UZUNLUKTAKİ VERİ ÖGELERİ - GENEL BİLGİ
- Sabit uzunlukta kontrol alanı: 260207|| aca||aabn | a|a d
040 ## - KATALOGLAMA KAYNAĞI
- Özgün kataloglama kurumu: TR-BiSEU
- Çeviri kurumu: TR-BiSEU
111 ## - KONU BAŞLIKLARI - TOPLANTI ADI
- Toplantı adı: Ulusal Kimya Kongresi (10: 1994: Uludag, Bursa)
670 ## - BİLGİNİN KAYNAĞI
- Bilginin alındığı kaynak: KOHA: (TR-BiSEU)10366: Ulusal Kimya Kongresi (10: 1994: Uludag, Bursa), Kimya 94: X. Ulusal Kimya Kongresi, 19-21 Eylul 1994, Uludag-Bursa, bildiri ozetleri/
